000 00254nam a22001217a 4500
008 181016b xxu||||| |||| 00| 0 eng d
041 _aeng
080 _29 ed
_a573
100 _a11
101 _abio
245 _aBiology
_cMader.S.S
942 _2udc
_cBK
999 _c49908
_d49908